La educación en el siglo XX : la crítica antiautoritaria : Ferrer, Neill, Rogers, Lobrot, Oury, Vasquez /

Obra en tres volúmenes que ordena, clasifica y sistematiza las críticas a la escuela y la educación en el pensamiento contemporáneo para ofrecer una perspectiva integradora y global de las aportaciones en teoría educativa del siglo XX. El primer volumen recoge las corrientas pedagógicas más válidas...

Fuld beskrivelse

Guardado en:
Bibliografiske detaljer
Hovedforfatter: Palacios, Jesús (autor)
Format: Bog
Sprog:spansk
Udgivet: Caracas, Venezuela : Laboratorio Educativo, 1997, c1997
Udgivelse:2a edición
Serier:(Cuadernos de Educación Laboratorio Educativo ; 147)
Fag:
Tags: Tilføj Tag
Ingen Tags, Vær først til at tagge denne postø!

MARC

LEADER 00000nam^a2200000^a^4500
001 000181673
005 20250521000000.0
009 20260310101939.504
020 |a 980-251-062-9 
037 |a Acervo ITESO - Biblioteca 
041 |a ESP 
082 |a 370. 1  |b PAL V. 2 
100 |a Palacios, Jesús  |e (autor) 
240 1 4 |a [La educación en el siglo XX] 
245 1 3 |a La educación en el siglo XX :  |b la crítica antiautoritaria : Ferrer, Neill, Rogers, Lobrot, Oury, Vasquez /  |c J. Palacios. 
250 |a 2a edición 
264 4 |a Caracas, Venezuela :  |b Laboratorio Educativo,  |c 1997, c1997 
300 |a 184 p. 
336 |a texto  |b txt  |2 rdacontenido 
337 |a sin mediación  |b n  |2 rdamedio 
338 |a volumen  |b nc  |2 rdasoporte 
440 1 |a (Cuadernos de Educación Laboratorio Educativo ;  |v 147) 
520 |a Obra en tres volúmenes que ordena, clasifica y sistematiza las críticas a la escuela y la educación en el pensamiento contemporáneo para ofrecer una perspectiva integradora y global de las aportaciones en teoría educativa del siglo XX. El primer volumen recoge las corrientas pedagógicas más válidas de nuestro tiempo. El segundo volumen se refiere a la crítica autoritaria. El tercer volumen presenta una perspectiva sociopolítica del marxismo. 
649 |a XX 
650 |a Psicoterapeutas Norteamericanos 
650 |a Educadores Ingleses 
650 |a Educadores Españoles 
650 |a Educadores Franceses 
650 |a Educación -  |x Teoría -  |x Historia -  |y Siglo XX 
650 |a Filosofía de la Educación -  |x Historia -  |y Siglo XX 
650 |a Finalidades de la Educación 
650 |a Ferrer Guardia, Francisco 
650 |a Rogers, Carl R. 
650 |a Lobrot, Michel 
650 |a Oury, Fernando 
650 |a Vasquez, Aida 
600 |a Neill, A.S. 
910 |a Fondo General 
920 |a Impresos - Libros 
930 |a Colección General 
905 |a 101 
901 |a 0500121633  |b IT1  |c ACC  |u 20250521 
902 |a https://opac.biblio.iteso.mx/vufind/Record/000181673